000 00466nam a22001697a 4500
008 111123t xxu||||| |||| 00| 0 eng d
020 _a0130665509
080 _a004.43
100 _aLiang, Y. Daniel
_9450
245 _aRapid Java
_bapplication development using JBUILDER 4/5/6
_cY. Daniel Liang
250 _a2 ed.
260 _aNew Jersey
_bPrentece Hall
_c2002
300 _a783p.
_b
_e
650 _aProgramacao
_9105
942 _2udc
_cBK
300 _c
_f
_g
999 _c23903
_d23903